|
|
|
|
| LEADER |
00000nam a2200000 a 4500 |
| 001 |
vtls010601909 |
| 003 |
SK-MaSNL |
| 005 |
20260301051925.0 |
| 008 |
160610s2014 xo ob g 001 0 slo |
| 015 |
|
|
|a SNBA2014/07
|
| 020 |
|
|
|a 9788055138305 (brož.)
|
| 035 |
|
|
|a 6E0F2386-6299-46FB-AE3E-A6528DF9CED8
|
| 035 |
|
|
|a urn:nbn:sk:snk-amkvfp
|
| 035 |
|
|
|a urn:nbn:sk:snk-am003x00
|
| 040 |
|
|
|a SNK
|b slo
|c SNK
|e AACR2
|
| 041 |
0 |
|
|a slo
|
| 043 |
|
|
|a e-xo---
|
| 044 |
|
|
|a xo
|c SK
|
| 072 |
|
7 |
|a 913(437)
|x Geografia Česka a Slovenska, reálie, cestovanie
|2 konspekt
|
| 080 |
|
|
|a 904
|2 2001
|
| 080 |
|
|
|a 502.21(1-751.4)
|2 2001
|
| 080 |
|
|
|a 72:904
|2 2001
|
| 080 |
|
|
|a 913:338.483.1
|2 2001
|
| 080 |
|
|
|a 908(437.6)
|2 2001
|
| 080 |
|
|
|a (084.12)
|2 2001
|
| 100 |
1 |
|
|a Lacika, Ján,
|d 1956-
|4 aut
|9 101502
|
| 245 |
1 |
0 |
|a 77 naj
|b Slovensko
|c Ján Lacika
|
| 246 |
3 |
|
|a Sedemdesiatsedem naj
|
| 250 |
|
|
|a 1. vyd.
|
| 260 |
|
|
|a Bratislava
|b Ikar
|c 2014
|
| 300 |
|
|
|a 203 s.
|b fareb. fotogr., mp.
|c 24 cm
|
| 504 |
|
|
|a Reg.
|
| 650 |
0 |
7 |
|a kultúrne pamiatky
|2 SNKPH
|9 2862
|
| 650 |
0 |
7 |
|a prírodné pamiatky
|2 SNKPH
|9 3807
|
| 650 |
0 |
7 |
|a architektonické pamiatky
|2 SNKPH
|9 28990
|
| 650 |
0 |
7 |
|a turistické zaujímavosti
|2 SNKPH
|9 73869
|
| 650 |
0 |
7 |
|a Cultural monuments
|2 SNKPHeng
|9 266481
|
| 650 |
0 |
7 |
|a Architectural monuments
|2 SNKPHeng
|9 279148
|
| 650 |
0 |
7 |
|a Tourist sights
|2 SNKPHeng
|9 296885
|
| 651 |
|
7 |
|a Slovensko
|x reálie
|2 SNKPH
|9 275458
|
| 651 |
|
7 |
|a Slovakia
|x history and geography
|2 SNKPHeng
|9 265826
|
| 655 |
|
7 |
|a fotografické publikácie
|2 SNKPH
|9 70483
|
| 655 |
|
7 |
|a Photographical works
|2 SNKPHeng
|9 278887
|
| 852 |
|
|
|a Štátna vedecká knižnica v Banskej Bystrici
|
| 919 |
|
|
|a 978-80-551-3830-5
|
| 999 |
|
|
|c 604608
|d 606538
|
| 952 |
|
|
|a SNK
|b SNK
|y PREZ
|7 0
|p 17A1111818
|o snkSC 159908
|i snk2014/13424
|8 0
|0 0
|1 0
|4 0
|d 2014-06-09
|f 1
|l 0
|r 2025-08-22 00:00:00
|w 2026-02-23
|
| 952 |
|
|
|a SNK
|b SNK
|y VYP
|7 0
|p 17A1112789
|o snkSC 159908 D1
|i snk2014/14672
|8 0
|0 0
|1 0
|4 0
|d 2014-06-26
|l 0
|r 2026-02-23 16:05:16
|w 2026-02-23
|